000 00908cam a22003015a 4500
001 15877971
003 OSt
005 20140311162957.0
008 090823s2008 ph a b 000 0 eng
010 _a 2009316800
020 _a9789715847551
020 _a9789717560267
040 _aDLC
_cDLC
_dDLC
042 _alcode
043 _aa-ph---
050 _aRA 425
_b.J61 2008
100 1 _aJimenez, Carmen E.
245 1 0 _aCommunity organizing participatory action research for community health development :
_bhelping people grow and glow /
_cCarmen Jimenez.
260 _aQuezon City :
_bC & E Pub.,
_c2008.
300 _axiv, 244 p. :
_bill. (some col.) ;
_c22 cm.
650 _aCommunity Health Development.
906 _a7
_bibc
_corigode
_d3
_encip
_f20
_gy-gencatlg
942 _2lcc
_cBK
_kLOC
999 _c39089
_d39089